Solar Energy : (Record no. 187029)

MARC details
000 -LEADER
fixed length control field 00747nam a22002177a 4500
005 - DATE AND TIME OF LATEST TRANSACTION
control field 20220328123206.0
010 ## - LCCN (DPL NO)
LC control number ENG-132135
020 ## - INTERNATIONAL STANDARD BOOK NUMBER
International Standard Book Number 9789391420284
Terms of availability 119.00
035 ## - SYSTEM CONTROL NUMBER
System control number EN-115667
037 ## - SOURCE OF ACQUISITION
Source of stock number/acquisition DBAD/PUB
082 ## - DEWEY DECIMAL CLASSIFICATION NUMBER
Classification number 621.47
100 ## - MAIN ENTRY--PERSONAL NAME
Personal name N. Pavan Kumar
245 ## - TITLE STATEMENT
Title Solar Energy :
Remainder of title Skill Development Course/
Statement of responsibility, etc N. Pavan Kumar...[et al.]
260 ## - PUBLICATION, DISTRIBUTION, ETC. (IMPRINT)
Place of publication, distribution, etc Hyderabad
Name of publisher, distributor, etc Spectrum Publications
Date of publication, distribution, etc 2021
270 ## - ADDRESS
Address #326/C, III Floor , Surneni Nilayam Near B K Guda Park, S R Nayar
City Hyderabad
Postal code 500038
Telephone number 91-4023710657
Electronic mail address studentshelpline.in@gmail.com
300 ## - PHYSICAL DESCRIPTION
Extent viii,126p.
Dimensions 24cm(pbk)
700 ## - ADDED ENTRY--PERSONAL NAME
Personal name V. Hema Kumar
700 ## - ADDED ENTRY--PERSONAL NAME
Personal name Vali, Sk. Khadar
700 ## - ADDED ENTRY--PERSONAL NAME
Personal name Reddy, P. Bala Subramanyam
942 ## - ADDED ENTRY ELEMENTS (KOHA)
Source of classification or shelving scheme Dewey Decimal Classification
Item type English Books
Call number suffix SOL
Classification part 621.47
Holdings
Withdrawn status Lost status Not for loan Collection code Home library Current library Date acquired Source of acquisition Cost, normal purchase price Full call number Barcode Copy number Cost, replacement price Koha item type
      Non-fiction Central Library Central Library 28/03/2022 DBAD/PUB 119.00 621.47 SOL EN-115667 1 119.00 English Books

© Delhi Public Library
Hit Counter
free hit counter